Регионална библиотека "Любен Каравелов" - Русе

Проектът Нева (Запис номер 27705)

MARC детайли
000 -Лидер
Контролно поле с фиксирана дължина 01068nam a2200289 c 4500
003 - Код на организацията, давaща контролен номер
Контролно поле BLK
005 - Дата и час на последна редакция
Контролно поле 20180420220156.0
008 - Елементи от данни с фиксирана дължина
fixed length control field 180407b bul|||||r ||||||| ||bul||
010 ## - Наследен системен номер
LC control number KNG00030289000
040 ## - Източник на каталожния запис
Идентификатор на билиотеката - собственик на записа BLK
041 ## - Код за език
Код за езика на текст/звукозапис или на отделно заглавие Български
Код за езика КДБФ Български
080 ## - УДК
Текстов определител УДК Българска литература
УДК код - определител по УДК 821.163.2
УДК определител -311.6
УДК - код + определител 821.163.2-311.6
100 1# - Редна дума - Автор
Автор Бахчеванов, Светлозар Петров
Авторска отговорност първи автор
R(LIN) 269417
139 ## - Редно поле
Редна дума Бахчеванов, Светлозар Петров
Авторски знак Бах - Б 30
245 10 - Сведения за заглавието
Заглавие Проектът Нева
Подзаглавни данни Кн. 1 -
Редно поле (дума) Светлозар Петров Бахчеванов.
Том Кн. 1
Заглавие на том Паяжината
257 ## - Страна на издаване
Страна на създаване/издаване България
260 ## - Област на издателските данни
-- София
Име на издателя, разпространителя и проч. Вадис 2000
Година на издаване 2000 -
300 ## - Физическа характеристика
Размери/Мащаб 20 см
380 ## - Жанр
Жанр Худож. лит.
490 1# - СЕРИИ (Колекции)
Име на серия ХХ век. Тайната на документа
760 1# - Описание на основната серия
Редна дума на основното описание Бахчеванов, Светлозар Петров
Място на издаване, издател и година 2000
Страници - том 223 с.
Заглавие Кн. 1 Паяжината
852 ## - Местоположение
Форматна сигнатура Цб 203144
856 4# - Електронен адрес и достъп
Електронен формат pdf - файл
Път до файла /url/
856 4# - Електронен адрес и достъп
Електронен формат pdf - файл
Път до файла /url/
942 ## - АРТИКУЛИ
Вид на библиотечния материал Книги
Скрит в OPAC Не
944 ## - СЪЗДАВАНЕ И РЕДАКЦИЯ на ЗАПИСА
Създаване/Редакция Създаване
Дата на регистрацията/редакция 20.02.2003
Служител, извършил регистрацията/редакцията AB_DOS
944 ## - СЪЗДАВАНЕ И РЕДАКЦИЯ на ЗАПИСА
Създаване/Редакция Редакция
Дата на регистрацията/редакция 20.02.2003
Служител, извършил регистрацията/редакцията
999 ## - СИСТЕМНИ КОНТРОЛНИ НОМЕРА
Koha biblionumber 27705
Koha biblioitemnumber 27705
Наличности
Код за отписване Код за изгубен артикул Източник на класификационната схема Код за повреда Коз за рестрикции Код за отдаване Артикулен № Име на библиотеката - собственик Име на библиотеката, в която се намира в момента Статус (Текущо местоположение) Дата на вписване в системата Местоположение - отдел Цена в лева Инвентарен номер Систематично азбучна сигнатура Баркод Номер на екземпляра Цена в евро Служебна бележка Служебен тип на артикула
Изтеглен Не е изгубен Universal Decimal Classification Не е повреден без рестрикции заемане за дома 44741 Регионална библиотека "Любен Каравелов" Русе Регионална библиотека "Любен Каравелов" Русе Заемна - подръчен фонд 2001-01-01 Заемна - подръчен фонд 4.00 652963 П 886.7-31/Б 30 652963 1 2.05 Дост: Pk Вид: Ф N: стар фонд Дата: 01.01.2000 Книги
  Не е изгубен Universal Decimal Classification Не е повреден без рестрикции ползва се в читалня 44742 Регионална библиотека "Любен Каравелов" Русе Регионална библиотека "Любен Каравелов" Русе Хранилище 2001-01-01 Хранилище 4.00 658266 Цб 203144 120000658266 2 2.05 Дост: Dp Вид: Д N: стар фонд Дата: 01.01.2001 Книги
Vip Innovations Ltd, Rousse, Bulgaria 2025